000 00512nam a2200193 a 4500
001 11031
003 CO-ViMGA
008 141112s2004 ck r 000 u spa d
020 _a8432951226
040 _aCO-ViMGA
_bspa
_cCO-ViMGA
082 0 4 _a747 A55c
100 1 _aSloan, Phyllis Sloan
_915231
245 1 0 _aComo decorar para vivir mejor
300 _a166 p. il.
490 _aDecoración hoy
650 1 4 _aDECORACION DE INTERIORES
650 1 4 _aDISTRIBUCION DE ESPACIOS - VIVIENDA
_915232
942 _2ddc
_cBK
999 _c22247
_d22247